Statistiques concernant Capitales d'Europe en images

Cliquez ici pour prendre le quiz!

Statistiques générales

  • Ce quiz a été pris 184 fois
  • Le résultat moyen est 12 sur 15

Statistiques - réponses

Réponse% Correct
Paris
100%
Rome
99%
Athènes
98%
Londres
98%
Berlin
94%
Vienne
87%
Oslo
85%
Budapest
81%
Madrid
81%
Dublin
77%
Lisbonne
77%
Prague
72%
Helsinki
69%
Kiev
60%
Reykjavik
48%

Distribution des résultats

Percentile par nombre de réponses

% des personnes avec chaque résultat

Votre développement - résultats

Vous n’avez pas pris ce quiz